Normal view MARC view
  • Bajd, Tadej,

Entry Personal Name

Number of records used in: 1

001 - CONTROL NUMBER

  • control field: 84846

003 - CONTROL NUMBER IDENTIFIER

  • control field: NUST

005 - DATE AND TIME OF LATEST TRANSACTION

  • control field: 20211122102013.0

008 - FIXED-LENGTH DATA ELEMENTS

  • fixed length control field: 211122|| aca||aabn | a|a d

040 ## - CATALOGING SOURCE

  • Original cataloging agency: NUST
  • Transcribing agency: NUST

100 ## - HEADING--PERSONAL NAME

  • Personal name: Bajd, Tadej,
  • Dates associated with a name: 1949-

670 ## - SOURCE DATA FOUND

  • Source citation: Work cat.: (NUST)32991: Bajd, Tadej 84844, Robotics /, c2010.
© 2023 Central Library, National University of Sciences and Technology. All Rights Reserved.